[Event "FRA-chT Top 12 (Women) GpA"]
[Site "Mulhouse"]
[Date "2023.05.20"]
[Round "4.3"]
[White "Broly, Mathilde"]
[Black "Partac, Elena"]
[Result "1/2-1/2"]
[WhiteElo "2115"]
[BlackElo "2088"]
[PlyCount "109"]
[EventDate "2023.05.18"]
[EventType "team-tourn"]
[EventRounds "5"]
[EventCountry "FRA"]
[SourceTitle "CBM 214 Extra"]
[Source "ChessBase"]
[SourceDate "2023.07.31"]
[SourceVersion "1"]
[SourceVersionDate "2023.07.31"]
[SourceQuality "1"]
[WhiteTeam "Clichy (W)"]
[BlackTeam "Chalon (W)"]
[WhiteTeamCountry "FRA"]
[BlackTeamCountry "FRA"]

1. e4 c5 2. Nf3 e6 3. g3 Nc6 4. Bg2 Nf6 5. Qe2 d6 6. 0-0 Be7 7. c3 e5 8. Na3 h6 9. Rd1 Bd7 10. Nc2 Qc8 11. d3 b5 12. Ne3 Rb8 13. Nd5 Bd8 14. d4 cxd4 15. cxd4 0-0 16. dxe5 dxe5 17. b3 Bg4 18. Bb2 Qe6 19. Rac1 Re8 20. h3 Bh5 21. Qc2 Bxf3 22. Bxf3 Nd4 23. Bxd4 exd4 24. Rxd4 Nxd5 25. exd5 Qb6 26. Re4 Bg5 27. Rxe8+ Rxe8 28. Rd1 Rd8 29. Kg2 Rd6 30. Qc8+ Rd8 31. Qc6 Qxc6 32. dxc6 Rxd1 33. Bxd1 Bd8 34. b4 Kf8 35. a4 bxa4 36. Bxa4 Ke7 37. Kf3 Bb6 38. Ke4 Kd6 39. f4 Bc7 40. Kd4 Bb6+ 41. Kc4 Be3 42. Kb5 Bf2 43. g4 Be3 44. f5 Bf2 45. Bb3 f6 46. Bf7 Be3 47. Be8 Bb6 48. Ka6 Kc7 49. Kb5 Kd6 50. Kc4 Bd8 51. Kd4 Bb6+ 52. Ke4 Bd8 53. Kf3 Bc7 54. Bd7 Ke7 55. Ke4 1/2-1/2

[Event "FRA-chT Top 12 (Women) GpA"]
[Site "Mulhouse"]
[Date "2023.05.18"]
[Round "1.2"]
[White "Broly, Mathilde"]
[Black "Choisy, Mathilde"]
[Result "1/2-1/2"]
[WhiteElo "2115"]
[BlackElo "2109"]
[PlyCount "48"]
[EventDate "2023.05.18"]
[EventType "team-tourn"]
[EventRounds "5"]
[EventCountry "FRA"]
[SourceTitle "CBM 214 Extra"]
[Source "ChessBase"]
[SourceDate "2023.07.31"]
[SourceVersion "1"]
[SourceVersionDate "2023.07.31"]
[SourceQuality "1"]
[WhiteTeam "Clichy (W)"]
[BlackTeam "Cannes (W)"]
[WhiteTeamCountry "FRA"]
[BlackTeamCountry "FRA"]

1. c4 Nf6 2. g3 g6 3. Bg2 Bg7 4. Nf3 0-0 5. 0-0 c5 6. Nc3 Nc6 7. a3 d5 8. cxd5 Nxd5 9. Nxd5 Qxd5 10. d3 Qh5 11. Rb1 Rd8 12. Qc2 Bg4 13. Be3 Nd4 14. Bxd4 cxd4 15. b4 Rdc8 16. Qa4 Rc3 17. Rfd1 a6 18. b5 Qc5 19. bxa6 Rxa3 20. Qb4 Qxb4 21. Rxb4 R3xa6 22. Rxb7 Ra1 23. Rdb1 Rxb1+ 24. Rxb1 Bxf3 1/2-1/2

[Event "Women's Day Play Magnus"]
[Site "chess24.com INT"]
[Date "2021.03.07"]
[Round "6.2"]
[White "Ambartsumova, Karina"]
[Black "Broly, Mathilde"]
[Result "1-0"]
[WhiteElo "2382"]
[BlackElo "2150"]
[PlyCount "95"]
[EventDate "2021.03.07"]
[EventType "team-tourn (blitz)"]
[EventRounds "7"]
[EventCountry "GER"]
[SourceTitle "CBM 201 Extra"]
[Source "ChessBase"]
[SourceDate "2021.05.31"]
[SourceVersion "1"]
[SourceVersionDate "2021.05.31"]
[SourceQuality "1"]
[WhiteTeam "CoChess #1"]
[BlackTeam "France chess24"]
[WhiteTeamCountry "RUS"]
[BlackTeamCountry "FRA"]

1. d4 Nf6 2. Nf3 g6 3. g3 Bg7 4. Bg2 0-0 5. 0-0 d5 6. c4 c6 7. cxd5 cxd5 8. Ne5 Nc6 9. Nxc6 bxc6 10. Nc3 Ba6 11. Re1 Rc8 12. Bf4 Qb6 13. Na4 Qb4 14. Nc5 Bb7 15. b3 Qb6 16. Rc1 h6 17. h4 Ba8 18. Be5 Rcd8 19. Qc2 Nd7 20. Bxg7 Kxg7 21. Bh3 Nxc5 22. Qxc5 Rd6 23. e3 Rf6 24. Rc2 Qc7 25. Bg2 Qd6 26. Rec1 Qd7 27. b4 a6 28. a3 Bb7 29. Kh2 Bc8 30. Qc3 Qg4 31. Qe1 Bd7 32. e4 g5 33. e5 Rg6 34. Qe2 gxh4 35. Qxg4 Rxg4 36. Bh3 hxg3+ 37. fxg3 h5 38. Bxg4 hxg4 39. Kg2 Rh8 40. Rh1 Rb8 41. Rc5 Rb6 42. Rhc1 Kg6 43. Kf2 Kf5 44. Ke3 Rb8 45. Rf1+ Kg6 46. Rc2 Rh8 47. Rg2 Rh3 48. Rf4 1-0

[Event "Women's Day Play Magnus"]
[Site "chess24.com INT"]
[Date "2021.03.07"]
[Round "1.3"]
[White "February, Jesse Nikki"]
[Black "Broly, Mathilde"]
[Result "0-1"]
[WhiteElo "1824"]
[BlackElo "2150"]
[PlyCount "84"]
[EventDate "2021.03.07"]
[EventType "team-tourn (blitz)"]
[EventRounds "7"]
[EventCountry "GER"]
[SourceTitle "CBM 201 Extra"]
[Source "ChessBase"]
[SourceDate "2021.05.31"]
[SourceVersion "1"]
[SourceVersionDate "2021.05.31"]
[SourceQuality "1"]
[WhiteTeam "CoChess #2"]
[BlackTeam "France chess24"]
[WhiteTeamCountry "DEN"]
[BlackTeamCountry "FRA"]

1. e4 e5 2. Nf3 Nc6 3. Bc4 Bc5 4. c3 Nf6 5. d4 exd4 6. cxd4 Bb4+ 7. Bd2 Bxd2+ 8. Nbxd2 0-0 9. e5 Ne8 10. 0-0 d5 11. Bd3 Bg4 12. h3 Bh5 13. Nb3 a5 14. Be2 Ne7 15. Nc5 b6 16. Nd3 Bxf3 17. Bxf3 c6 18. Rc1 Nc7 19. Nf4 Ne6 20. Nxe6 fxe6 21. Bg4 Qd7 22. Qd2 Nf5 23. Rfd1 Rac8 24. Qg5 c5 25. dxc5 bxc5 26. Bxf5 Rxf5 27. Qg3 c4 28. b3 cxb3 29. Rxc8+ Qxc8 30. axb3 Qc2 31. Ra1 Qd2 32. Rf1 h6 33. h4 Qe2 34. Qc3 Qxe5 35. Qc8+ Kh7 36. Rc1 Qf4 37. Rc2 Qxh4 38. Qxe6 Rh5 39. f3 Qh1+ 40. Kf2 Qh4+ 41. Kg1 Qd4+ 42. Kf1 Rh1+ 0-1

[Event "EU-Cup Online Gr-C (Women)"]
[Site "Tornelo INT"]
[Date "2020.12.20"]
[Round "5.3"]
[White "Girya, Olga"]
[Black "Broly, Mathilde"]
[Result "1-0"]
[WhiteElo "2464"]
[BlackElo "2150"]
[PlyCount "97"]
[EventDate "2020.12.19"]
[EventType "team-tourn (rapid)"]
[EventRounds "7"]
[EventCountry "ISS"]
[SourceTitle "CBM 199 Extra"]
[Source "ChessBase"]
[SourceDate "2021.01.31"]
[SourceVersion "1"]
[SourceVersionDate "2021.01.31"]
[SourceQuality "1"]
[WhiteTeam "Ugra (W)"]
[BlackTeam "Asnieres (W)"]
[WhiteTeamCountry "RUS"]
[BlackTeamCountry "FRA"]

1. d4 Nf6 2. c4 g6 3. Nc3 d5 4. cxd5 Nxd5 5. e4 Nxc3 6. bxc3 c5 7. Bg5 Bg7 8. Rc1 0-0 9. Nf3 Bg4 10. d5 Qd6 11. Be2 Bxf3 12. Bxf3 Nd7 13. 0-0 c4 14. Be2 b5 15. Qd2 Nc5 16. Qe3 Rfc8 17. f4 Na4 18. e5 Qxd5 19. Bf3 Qe6 20. Bxa8 Rxa8 21. Rcd1 a5 22. Kh1 f6 23. Qf3 Rb8 24. exf6 exf6 25. f5 Qxf5 26. Qg3 Qc8 27. Bxf6 Bxf6 28. Rxf6 Rb7 29. Rfd6 Qf5 30. Rd8+ Kg7 31. Qe3 Rf7 32. h3 Qf6 33. Qe8 Nxc3 34. Qg8+ Kh6 35. R8d6 Qf5 36. Re1 Qf2 37. Rxg6+ hxg6 38. Qh8+ Rh7 39. Qxc3 b4 40. Qc1+ Kg7 41. Re7+ Kh8 42. Re8+ Kg7 43. Qxc4 Rh4 44. Qg8+ Kh6 45. Qh8+ Kg5 46. Re5+ Qf5 47. Rxf5+ gxf5 48. Qg7+ Kf4 49. g3+ 1-0

[Event "Metz (Women) 4th"]
[Site "Metz"]
[Date "2018.07.29"]
[Round "9"]
[White "Terbe, Zsuzsanna"]
[Black "Broly, Mathilde"]
[Result "1/2-1/2"]
[WhiteElo "2178"]
[BlackElo "2149"]
[PlyCount "67"]
[EventDate "2018.07.23"]
[EventType "tourn"]
[EventRounds "9"]
[EventCountry "FRA"]
[SourceTitle "CBM 185 Extra"]
[Source "ChessBase"]
[SourceDate "2018.07.29"]
[SourceVersion "1"]
[SourceVersionDate "2018.07.29"]
[SourceQuality "1"]

1. Nf3 d5 2. g3 g6 3. Bg2 Bg7 4. d4 Nf6 5. c4 c6 6. 0-0 0-0 7. Qb3 a5 8. cxd5 a4 9. Qd1 cxd5 10. Nc3 Bd7 11. Ne5 e6 12. b4 axb3 13. Qxb3 Nc6 14. Nxc6 bxc6 15. Ba3 Re8 16. e3 e5 17. dxe5 Rxe5 18. Bc5 Rh5 19. Rac1 Bh3 20. Bxh3 Rxh3 21. Kg2 Rh5 22. Ne2 g5 23. Rh1 Qc8 24. h3 Ne4 25. Bd4 Rh6 26. Bxg7 Kxg7 27. Qb2+ Rf6 28. Rhf1 Qa6 29. Rc2 h6 30. Nd4 Nxg3 31. Kxg3 Qxf1 32. Nf5+ Kg6 33. Ne7+ Kg7 34. Nf5+ 1/2-1/2

[Event "Mitropa Cup (Women)"]
[Site "Balatonszarszo"]
[Date "2017.09.19"]
[Round "3.3"]
[White "Andolfatto, Maria"]
[Black "Broly, Mathilde"]
[Result "1/2-1/2"]
[WhiteElo "1969"]
[BlackElo "2086"]
[PlyCount "92"]
[EventDate "2017.09.17"]
[EventType "team-tourn"]
[EventRounds "9"]
[EventCountry "HUN"]
[SourceTitle "CBM 180 Extra"]
[Source "ChessBase"]
[SourceDate "2017.10.06"]
[SourceVersion "1"]
[SourceVersionDate "2017.10.06"]
[SourceQuality "1"]
[WhiteTeam "Italy (W)"]
[BlackTeam "France (W)"]
[WhiteTeamCountry "ITA"]
[BlackTeamCountry "FRA"]

1. Nf3 Nf6 2. c4 g6 3. g3 Bg7 4. Bg2 0-0 5. Nc3 d5 6. cxd5 Nxd5 7. d4 Nxc3 8. bxc3 c5 9. 0-0 cxd4 10. cxd4 Nc6 11. e3 Qa5 12. Qb3 Rb8 13. Bd2 Qh5 14. Bc3 Be6 15. Qb2 Bd5 16. Qe2 b5 17. Rfc1 e5 18. dxe5 Nxe5 19. Nd4 Qxe2 20. Nxe2 Bxg2 21. Kxg2 Rfc8 22. Bd4 Nc4 23. Bxg7 Kxg7 24. Nd4 b4 25. Rc2 Na3 26. Rc6 a5 27. Ra6 Ra8 28. Rxa8 Rxa8 29. Nc6 Ra6 30. Rc1 Nb5 31. Rc2 Nc3 32. Nd4 Rb6 33. Rb2 f5 34. h3 a4 35. g4 fxg4 36. hxg4 b3 37. axb3 a3 38. Rc2 a2 39. Rc1 Nb1 40. Rc7+ Kf6 41. Ra7 Nc3 42. f4 h6 43. e4 Nxe4 44. Rxa2 Nc5 45. Ra3 Rb4 46. Ne2 Rxb3 1/2-1/2

[Event "Mitropa Cup (Women)"]
[Site "Balatonszarszo"]
[Date "2017.09.18"]
[Round "2.3"]
[White "Broly, Mathilde"]
[Black "Zpevakova, Jana"]
[Result "1/2-1/2"]
[WhiteElo "2086"]
[BlackElo "2134"]
[PlyCount "83"]
[EventDate "2017.09.17"]
[EventType "team-tourn"]
[EventRounds "9"]
[EventCountry "HUN"]
[SourceTitle "CBM 180 Extra"]
[Source "ChessBase"]
[SourceDate "2017.10.06"]
[SourceVersion "1"]
[SourceVersionDate "2017.10.06"]
[SourceQuality "1"]
[WhiteTeam "France (W)"]
[BlackTeam "Czech Republic (W)"]
[WhiteTeamCountry "FRA"]
[BlackTeamCountry "CZE"]

1. e4 c6 2. d4 d5 3. e5 Bf5 4. Nf3 e6 5. Bd3 Bxd3 6. Qxd3 Nd7 7. 0-0 c5 8. c3 Qb6 9. Na3 Rc8 10. Nc2 Ne7 11. b4 cxd4 12. cxd4 h6 13. Bd2 Nc6 14. a4 Qc7 15. Rfc1 Nb6 16. b5 Nb8 17. Ne3 Qd8 18. Rxc8 Nxc8 19. Rc1 Be7 20. Ne1 0-0 21. Nf1 Nb6 22. Ba5 N8d7 23. Qd1 Qb8 24. Ne3 Bg5 25. Nd3 Bxe3 26. fxe3 Nc4 27. Bb4 Re8 28. Qf3 Nf8 29. e4 Nb6 30. Bd6 dxe4 31. Qxe4 Qd8 32. Rf1 Qg5 33. Nf4 Ng6 34. Nxg6 Qxg6 35. Qxb7 Nd5 36. Qc6 Rd8 37. Qc1 Qe4 38. Rd1 Ne3 39. Rd2 Nc4 40. Rd1 Ne3 41. Rd2 Nc4 42. Rd1 1/2-1/2

[Event "EU-ch U16 Girls 26th"]
[Site "Prague"]
[Date "2016.08.26"]
[Round "8"]
[White "Koridze, Lile"]
[Black "Broly, Mathilde"]
[Result "1/2-1/2"]
[WhiteElo "1937"]
[BlackElo "2098"]
[PlyCount "92"]
[EventDate "2016.08.18"]
[EventType "swiss"]
[EventRounds "9"]
[EventCountry "CZE"]
[SourceTitle "CBM 174 Extra"]
[Source "ChessBase"]
[SourceDate "2016.10.10"]
[SourceVersion "1"]
[SourceVersionDate "2016.10.10"]
[SourceQuality "1"]

1. d4 Nf6 2. c4 g6 3. Nc3 d5 4. cxd5 Nxd5 5. Bd2 Bg7 6. e4 Nxc3 7. Bxc3 c5 8. d5 0-0 9. Nf3 Nd7 10. Bd3 Nf6 11. 0-0 e6 12. d6 Rb8 13. Qc2 b6 14. Be5 Nd7 15. Bxg7 Kxg7 16. e5 f6 17. exf6+ Nxf6 18. Rfe1 Qxd6 19. Ne5 Nd7 20. Nc4 Qe7 21. Qc3+ Kg8 22. Be4 Nf6 23. Qe5 Ba6 24. Ne3 Qf7 25. Bc2 Bb7 26. Rad1 Bd5 27. a3 a5 28. Qd6 Rfd8 29. Qe5 b5 30. Qc3 c4 31. Qxa5 Nh5 32. Qc3 Rf8 33. Ng4 Qg7 34. Ne5 Nf4 35. Be4 Rbd8 36. Bxd5 exd5 37. Nc6 Qxc3 38. bxc3 Rde8 39. Rxe8 Rxe8 40. Kf1 Ra8 41. Ne7+ Kf7 42. Nxd5 Nxd5 43. Rxd5 Rxa3 44. Rxb5 h5 45. Ke2 Rxc3 46. Kd2 Ra3 1/2-1/2

[Event "EU-ch U16 Girls 26th"]
[Site "Prague"]
[Date "2016.08.25"]
[Round "7"]
[White "Broly, Mathilde"]
[Black "Frej, Zofia"]
[Result "1/2-1/2"]
[WhiteElo "2098"]
[BlackElo "1881"]
[PlyCount "103"]
[EventDate "2016.08.18"]
[EventType "swiss"]
[EventRounds "9"]
[EventCountry "CZE"]
[SourceTitle "CBM 174 Extra"]
[Source "ChessBase"]
[SourceDate "2016.10.10"]
[SourceVersion "1"]
[SourceVersionDate "2016.10.10"]
[SourceQuality "1"]

1. e4 e6 2. d4 d5 3. Nd2 dxe4 4. Nxe4 Nd7 5. Nf3 Ngf6 6. Bd3 c5 7. 0-0 Nxe4 8. Bxe4 Bd6 9. c3 Nf6 10. Bc2 Bd7 11. dxc5 Bxc5 12. Ne5 Bc6 13. Nxc6 Qxd1 14. Rxd1 bxc6 15. Ba4 Rc8 16. b4 Bxf2+ 17. Kxf2 Ne4+ 18. Kg1 Nxc3 19. Bb2 Nxa4 20. Bxg7 Rg8 21. Bd4 Nb6 22. Rac1 Rg5 23. a3 Rd5 24. Bc5 Kd7 25. Rf1 f5 26. Rf3 Rg8 27. Rh3 Rg7 28. Bf8 Rf7 29. Bh6 e5 30. Be3 f4 31. Bc5 e4 32. Rh6 e3 33. Bxb6 axb6 34. Rhxc6 Rd1+ 35. Rxd1+ Kxc6 36. Kf1 f3 37. Re1 fxg2+ 38. Kxg2 Kb5 39. Rxe3 Ka4 40. Kg3 Rf6 41. Kg4 Rd6 42. Kg5 Rd5+ 43. Kh6 Rd4 44. Kg5 Rd5+ 45. Kh6 Rd4 46. h3 Rh4+ 47. Kg5 Rd4 48. h4 h6+ 49. Kh5 b5 50. Rh3 Rd6 51. Kg4 Rd5 52. Kf4 1/2-1/2

[Event "EU-ch U16 Girls 26th"]
[Site "Prague"]
[Date "2016.08.20"]
[Round "3"]
[White "Broly, Mathilde"]
[Black "Blond Hanten, Elsa"]
[Result "1-0"]
[WhiteElo "2098"]
[BlackElo "1731"]
[PlyCount "63"]
[EventDate "2016.08.18"]
[EventType "swiss"]
[EventRounds "9"]
[EventCountry "CZE"]
[SourceTitle "CBM 174 Extra"]
[Source "ChessBase"]
[SourceDate "2016.10.10"]
[SourceVersion "1"]
[SourceVersionDate "2016.10.10"]
[SourceQuality "1"]

1. e4 e5 2. Nf3 Nc6 3. Bb5 Bc5 4. c3 Nge7 5. d4 exd4 6. cxd4 Bb4+ 7. Bd2 Bxd2+ 8. Qxd2 d5 9. exd5 Nxd5 10. 0-0 0-0 11. Bxc6 bxc6 12. Nc3 Bf5 13. Na4 Re8 14. Rac1 Qd6 15. Ne5 Nb4 16. Nc4 Qe7 17. Rfe1 Qf8 18. Nc5 Nd5 19. h3 Rxe1+ 20. Rxe1 Rd8 21. Ne5 Rd6 22. h4 h6 23. a3 Qb8 24. b3 Qf8 25. Qa5 Qb8 26. Qa4 Qb6 27. Nc4 Qb8 28. Nxd6 cxd6 29. Qxc6 Nc7 30. Qxd6 Qc8 31. Re7 Nb5 32. Qe5 1-0

[Event "FRA-ch U16 Girls"]
[Site "Gonfreville"]
[Date "2016.??.??"]
[Round "5"]
[White "Broly, Mathilde"]
[Black "Rollot, Florence"]
[Result "1-0"]
[WhiteElo "2014"]
[BlackElo "1903"]
[PlyCount "79"]
[EventDate "2016.04.22"]
[EventType "swiss"]
[EventRounds "9"]
[EventCountry "FRA"]
[SourceTitle "EXT 2019"]
[Source "ChessBase"]
[SourceDate "2018.10.10"]
[SourceVersion "1"]
[SourceVersionDate "2018.10.10"]
[SourceQuality "1"]

1. e4 d5 2. exd5 Qxd5 3. Nc3 Qa5 4. d4 Nf6 5. Nf3 Bf5 6. Ne5 c6 7. g4 Bg6 8. h4 Nbd7 9. Nc4 Qc7 10. h5 Be4 11. Nxe4 Nxe4 12. Bg2 Nef6 13. Qf3 Nd5 14. Bd2 e6 15. g5 c5 16. g6 hxg6 17. hxg6 Rxh1+ 18. Bxh1 0-0-0 19. Qxf7 N5f6 20. Ne5 cxd4 21. f4 Qd6 22. a3 Nd5 23. 0-0-0 Qe7 24. Bxd5 exd5 25. Bb4 Qe8 26. Qf5 Bxb4 27. axb4 Kb8 28. Re1 Nb6 29. b3 Qb5 30. Nd3 Rc8 31. Re6 Qd7 32. Nc5 Qb5 33. Qe5+ Ka8 34. Qxd4 Qf1+ 35. Kb2 Qg2 36. Qxg7 Rb8 37. Re8 d4 38. Qe5 Nc8 39. Nd7 Nd6 40. Rxb8# 1-0